000 01215cam a22003377a 4500
003 CHAP
005 20220817043418.0
008 971208d1995 mx r o00110 spa d
010 _a74714
011 _a75686
020 _a9688134155
035 _a85254
040 _cCHAP
082 0 4 _a338.91
_bM49
110 2 _aMéxico. Secretaría del Trabajo y Previsión Social
_977232
245 1 0 _aEfectos de la integracón de bloques económicos regionales en los mercados de trabajo
_c/por Secretaría del Trabajo y Previsión Social
260 0 _aMéxico, D. F. :
_bSecretaría del Trabajo y Previsión Social,
_c1995.
300 _a208 p. :
_bcuadros
590 _aBATCH-UPD
_b10
_c20130110
_lUCH01
_h1247
590 _aBATCH-UPD
_b10
_c20130410
_lUCH01
_h0811
590 _aBATCH-UPD
_b10
_c20130914
_lUCH01
_h0839
590 _aCONVERSION
_b10
_c20130109
_lUCH01
_h1341
650 1 4 _aCapacitación.
_918690
650 1 4 _aIntegración económica internacional.
_959500
650 1 4 _aPolítica económica.
650 1 4 _aTrabajo y trabajadores
_xEstadísticas.
_9114522
901 _aBK
905 _aLilia Sánchez G.
942 _cLIBRO
949 _a338.91 M49
_bBC
_cC
_d33724000691028
_eC
_h92555
_i85254
_kDonaciØn
_sb
999 _c74714
_d74714